Sức mạnh của tin tức truyền thông = The power of news

Saved in:
Bibliographic Details
Main Author: Michael Schudson
Format: Book
Language:Undetermined
Published: H. CTQG 2003
Subjects:
Tags: Add Tag
No Tags, Be the first to tag this record!
Institutions: Trung tâm Học liệu Trường Đại học Cần Thơ
LEADER 00661nam a2200205Ia 4500
001 CTU_58464
008 210402s9999 xx 000 0 und d
082 |a 070.195 
082 |b S385 
100 |a Michael Schudson 
245 0 |a Sức mạnh của tin tức truyền thông = 
245 4 |b The power of news 
245 0 |c Michael Schudson; Thế Hùng và Trà My biên dịch 
260 |a H. 
260 |b CTQG 
260 |c 2003 
650 |a television broadcasting of news,american newspapers,reporters and reporting 
650 |z united states,united states 
904 |i Minh 
980 |a Trung tâm Học liệu Trường Đại học Cần Thơ